000 00830nam a2200289Ia 4500
005 20260324133704.0
008 008 260324s9999 xx 000 0 eng d
020 _a9780429181290
037 _aEBOOK
040 _aCRL
040 _beng
040 _cCRL
041 _2eng
041 _aeng
084 _qCRL
100 _aS Metens; J.P Antoine; R Kerner; J.P Gazeau; J.Y Thibon
_91194014
245 0 _aGROUP 24
245 0 _bPhysical and Mathematical Aspects of Symmetries: Proceedings of the 24th International Colloquium on Group Theoretical Methods in Physics, Paris, 15-20 July 2002
260 _bTaylor and Francis
260 _c2003
365 _a
365 _b680
856 _uhttp://www.taylorfrancis.com/books/9780429181290
942 _cEBOOK
999 _c1793340
_d1793340